Central Library OPAC University of Rajshahi

Apartheid : (Record no. 57658)

MARC details
000 -LEADER
fixed length control field 00654nam a2200229 a 4500
001 - CONTROL NUMBER
control field 57658
003 - CONTROL NUMBER IDENTIFIER
rucl marc code BD-RJUL
005 - DATE AND TIME OF LATEST TRANSACTION
control field 20211209080535.0
008 - FIXED-LENGTH DATA ELEMENTS--GENERAL INFORMATION
fixed length control field 161211s1981 enk 001 0 eng d
035 ## - SYSTEM CONTROL NUMBER
System control number BD-RjUL57782
040 ## - CATALOGING SOURCE
Original cataloging agency BD-RjUL
Language of cataloging eng
Transcribing agency BD-RjUL
041 ## - LANGUAGE CODE
Language code of text/sound track or separate title eng
082 ## - DEWEY DECIMAL CLASSIFICATION NUMBER
Edition number 23
Classification number 968
Author mark and year WOP 1981
100 1# - MAIN ENTRY--PERSONAL NAME
Personal name Woods, Donald
Dates associated with a name 1921-
9 (RLIN) 171219
245 10 - TITLE STATEMENT
Title Apartheid :
Remainder of title The propaganda and the reality /
Statement of responsibility, etc. Donald Woods
260 ## - PUBLICATION, DISTRIBUTION, ETC. (IMPRINT)
Place of publication, distribution, etc. London :
Name of publisher, distributor, etc. Batsford,
Date of publication, distribution, etc. 1981
300 ## - PHYSICAL DESCRIPTION
Pagination 42 p ;
Size 21 cm
500 ## - GENERAL NOTE
General note Bibliography: p. 70.
650 #0 - SUBJECT ADDED ENTRY--TOPICAL TERM
Topical term or geographic name as entry element Apartheid
Geographic subdivision South Africa
General subdivision History
9 (RLIN) 171220
830 #0 - SERIES ADDED ENTRY--UNIFORM TITLE
Uniform title Today's world
942 ## - ADDED ENTRY ELEMENTS (KOHA)
Source of classification or shelving scheme Dewey Decimal Classification
Koha item type Books
Holdings
Lost status Source of classification or shelving scheme Damaged status Not for loan Collection code Permanent Location Current Location Shelving location Date acquired Source of acquisition Cost, normal purchase price Total Checkouts Full call number Date last seen Copy number Koha item type
  Dewey Decimal Classification   Not For Loan Non-fiction Central Library, University of Rajshahi Central Library, University of Rajshahi Reading Room 13/01/2009 RUCL 0.00   968 WOP 1981 11/12/2016 C-1 Books